=LDR 00000nam 2200000 4500 =001 INLIS000000000046875 =005 20150523110233.0 =006 =007 =008 =035 ##$$0010-051500000000134 =082 ##$$a 028.5 =090 ##$$a 028.5 sur m =100 ##$$a suryaning wulan =245 ##$$a mengejar pelangi =260 ##$$a taman kanak - kanak =300 ##$$a 36 hlm. =850 ##$$a NBPDMAT